MARC

LEADER 00000nam0a2200000 4500
001 364940
005 20231102011734.0
035 |a (RuTPU)RU\TPU\retro\22303 
035 |a RU\TPU\book\55714 
090 |a 364940 
100 |a 20211206d1981 m y0rusy50 ca 
101 1 |a eng  |c rus 
102 |a RU 
105 |a a j 011zy 
200 1 |a Техническая термодинамика  |d Engineering Thermodynamics  |e [учебник для вузов]  |f В. А. Кириллин, В. В. Сычев, А. Е. Шейндлин  |g пер. С. Семенова 
210 |a Москва  |c Мир  |d 1981 
215 |a 560 с.  |c ил. 
300 |a На английском языке 
320 |a Библиогр.: с. 539 
320 |a Алф. указ.: с. 540-541 
320 |a Предм. указ.: с. 542-560 
454 1 |0 (RuTPU)RU\TPU\book\55714  |t Техническая термодинамика  |o учебник для вузов  |f В. А. Кириллин, В. В. Сычев, А. Е. Шейндлин  |e 2-е изд.  |c Москва  |n Энергия  |d 1974  |p 447 с.  |a Кириллин, Владимир Алексеевич 
510 1 |a Engineering Thermodynamics  |z eng 
606 1 |a Термодинамика техническая  |x (теплотехника)  |2 stltpush  |3 (RuTPU)RU\TPU\subj\68640  |9 83835 
610 1 |a законы 
610 1 |a дифференциальные уравнения 
610 1 |a равновесие 
610 1 |a фазовые переходы 
610 1 |a вещества 
610 1 |a термодинамические свойства 
610 1 |a термодинамические процессы 
610 1 |a газы 
610 1 |a жидкости 
610 1 |a теплосиловые циклы 
610 1 |a холодильные циклы 
610 1 |a влажный воздух 
610 1 |a теплосиловые установки 
610 1 |a химическая термодинамика 
610 1 |a учебники 
675 |a 621.1.016.7(075.8)  |v 3 
700 1 |a Кириллин  |b В. А.  |g Владимир Алексеевич 
701 1 |a Сычев  |b В. В.  |g Вячеслав Владимирович 
701 1 |a Шейндлин  |b А. Е.  |g Александр Ефимович 
702 1 |a Семенов  |b С.  |4 730 
801 1 |a RU  |b 63413507  |c 20020126  |g PSBO 
801 2 |a RU  |b 63413507  |c 20211206  |g PSBO 
942 |c BK